Musalmanane-alam. (Record no. 2448)

MARC details
000 -LEADER
fixed length control field 00563nam a2200241 a 4500
020 ## - INTERNATIONAL STANDARD BOOK NUMBER
ISBN
082 00 - DEWEY DECIMAL CLASSIFICATION NUMBER
Classification number 297.09
Author Cutter HAM
100 ## - MAIN ENTRY--AUTHOR NAME
Author name Hameed, K A
245 ## - TITLE STATEMENT
Title Musalmanane-alam.
260 ## - PUBLICATION, DISTRIBUTION, ETC. (IMPRINT)
Place of publication Lahore
Name of publisher Shaikh Ghulam Ali and Sons
Year of publication 1939
300 ## - PHYSICAL DESCRIPTION
Number of Pages 488p.
500 ## - GENERAL NOTE
General note includes index and biblioraphy
505 2# - FORMATTED CONTENTS NOTE
Formatted contents note Index
650 ## - SUBJECT ADDED ENTRY--TOPICAL TERM
Topical Term Islam-History
942 ## - ADDED ENTRY ELEMENTS (KOHA)
Koha item type Books
700 1# -
-- Hameed, K A
Holdings
Home library Current library Date acquired Cost, normal purchase price Full call number Accession Number Koha item type
Henry Martyn Institute Library Henry Martyn Institute Library 07/23/2007 100.00 297.09 HAM 4014 Archive Book
                   Copyright © 2026 | Henry Martyn Institute | Hyderabad | TS-500052 | INDIA | Implemented by hmi.edu.in
Hit-Count:

Powered by Koha